000 00708cgm a2200241 4500
001 M1977
008 090401t xxu||||| |||| 00| 0 eng d
035 _a(Sirsi) u35744
041 _aeng
110 _aRoyal Institution of Chartered Surveyors
_94900
245 _aTown and country planning issues.
260 _aLondon
_bRICS
_c1989?
300 _a1 videocassette (VHS) (ca.20min.) : sd.
350 _a0
490 _aThe World of the Chartered Minerals Surveyor
_v3
520 _aThere is no hire charge for this video.
650 _aMINERALS SURVEYING
650 _aTOWN AND COUNTRY PLANNING
650 _aVIDEOS
690 _aPlanning and development
_96259
942 _n0
948 _c04/03/1997
999 _c85210
_d85210